000 00438nam a22001457a 4500
005 20150513103756.0
008 150513b xxu||||| |||| 00| 0 eng d
040 _cPK-LaUMT
082 _aKHC 954.035
_bZUB-R
100 _aزبیدہ احمد فردوسی
245 _aریشمی رومال تحریک
_bایک تجزیہ
_cزبیدہ احمد فردوسی
260 _aلاہور
_bنگارشات
_c1988
300 _a90 ص
942 _cBK
999 _c71059
_d71059